Loading...
| Social Science | 0 | 3 | 0 | 2 | 30 | 74 | 105.67 | 0 | 3 |
| Science - Biology | 0 | 2 | 0 | 1 | 20 | 70 | 93.00 | 1 | 2 |
| History - American History | 0 | 2 | 0 | 0 | 20 | 98 | 114.00 | 0 | 2 |
| Literature - American Literature | 0 | 2 | 0 | 0 | 20 | 96 | 105.50 | 1 | 2 |
| History - European History | 1 | 0 | 0 | 0 | 15 | 35 | 35.00 | 1 | 1 |
| Literature - British Literature | 0 | 1 | 0 | 0 | 10 | 104 | 104.00 | 0 | 1 |
| History - World History | 0 | 1 | 0 | 1 | 10 | 133 | 133.00 | 0 | 1 |
| Beliefs | 0 | 1 | 0 | 0 | 10 | 154 | 154.00 | 0 | 1 |
| Literature - European Literature | 0 | 1 | 0 | 0 | 10 | 129 | 129.00 | 0 | 1 |
| Philosophy | 0 | 1 | 0 | 0 | 10 | 102 | 102.00 | 0 | 1 |
| Science - Chemistry | 0 | 1 | 0 | 0 | 10 | 118 | 118.00 | 0 | 1 |
| Science - Other Science | 0 | 1 | 0 | 0 | 10 | 133 | 133.00 | 0 | 1 |
| Geography | 0 | 0 | 0 | 0 | 0 | 0.00 | 0 | 0 | |
| Fine Arts - Other Arts | 0 | 0 | 0 | 0 | 0 | 0.00 | 0 | 0 | |
| History - Ancient History | 0 | 0 | 1 | 0 | -5 | 0.00 | 0 | 0 | |
| Science - Physics | 0 | 0 | 1 | 0 | -5 | 0.00 | 0 | 0 | |
| Literature - World Literature | 0 | 0 | 1 | 0 | -5 | 0.00 | 0 | 0 |